Real estate brokerage management

Bibliographic Details
Main Author: Lindeman, Bruce (Author)
Format: Book
Language:English
Published: Virginia : Reston Pub. Co. 1981
Subjects:

MARC

LEADER 00000cam a2200000 7i4500
001 0000004226
005 20240930.0
008 991210 -us a eng
020 |a 0835965171 
040 |a INS   |b eng   |e rda 
090 0 0 |a HD225   |b .L55 1981 
100 1 |a Lindeman, Bruce ,   |e author 
245 1 0 |a Real estate brokerage management   |c Bruce Lindeman 
264 1 |a Virginia :   |b Reston Pub. Co.   |c 1981 
300 |a xii, 308 pages :   |b illustrations ;   |c 25 cm. 
336 |a text  |2 rdacontent 
337 |a unmediated  |2 rdamedia 
338 |a volume  |2 rdacarrier 
504 |a Includes bibliographical references and index 
650 0 |a Real estate business   |z United States   |x Management 
999 |a 0000000055   |b BOOK   |c Open Shelf   |e Default branch